[Event "Mitropa Cup (Women) 10th"]
[Site "Meissen"]
[Date "2013.06.01"]
[Round "1.4"]
[White "Schnegg, Anna Lena"]
[Black "Repkova, Eva"]
[Result "0-1"]
[WhiteElo "2118"]
[BlackElo "2363"]
[PlyCount "62"]
[EventDate "2013.06.01"]
[EventType "team-tourn"]
[EventRounds "9"]
[EventCountry "GER"]
[Source "ChessBase"]
[SourceDate "2013.06.25"]
[WhiteTeam "Austria (W)"]
[BlackTeam "Slovakia (W)"]
[WhiteTeamCountry "AUT"]
[BlackTeamCountry "SVK"]

1. e4 d5 2. exd5 Qxd5 3. Nc3 Qa5 4. Bc4 Bf5 5. d3 e6 6. Bd2 c6 7. Qe2 Nd7 8. h3
Qe5 9. O-O-O Qxe2 10. Ngxe2 b5 11. Bb3 a5 12. a4 Nc5 13. Nd4 b4 14. Ne4 Nxe4
15. dxe4 Bxe4 16. Rhe1 Nf6 17. Bxe6 fxe6 18. Nxe6 Ra7 19. Be3 Rd7 20. Bd4 Bd5
21. Nxg7+ Kf7 22. Nh5 Bh6+ 23. f4 Nxh5 24. Bxh8 Nxf4 25. Kb1 Nxg2 26. Re2 Nf4
27. Rf2 Kg8 28. Bd4 Be4 29. Rg1+ Bg6 30. Rd1 Ne6 31. Rg2 Nxd4 0-1

[Event "Mitropa Cup (Women) 10th"]
[Site "Meissen"]
[Date "2013.06.01"]
[Round "1.1"]
[White "Purgar, Ivona"]
[Black "Krivec, Jana"]
[Result "1/2-1/2"]
[WhiteElo "2123"]
[BlackElo "2244"]
[PlyCount "96"]
[EventDate "2013.06.01"]
[EventType "team-tourn"]
[EventRounds "9"]
[EventCountry "GER"]
[Source "ChessBase"]
[SourceDate "2013.06.25"]
[WhiteTeam "Croatia (W)"]
[BlackTeam "Slovenia (W)"]
[WhiteTeamCountry "CRO"]
[BlackTeamCountry "SLO"]

1. e4 e5 2. Nf3 Nc6 3. Bb5 a6 4. Ba4 d6 5. O-O Bd7 6. c3 g6 7. d4 Bg7 8. Re1
Nge7 9. d5 Nb8 10. Bxd7+ Nxd7 11. Nbd2 h6 12. Nf1 O-O 13. Ng3 f5 14. exf5 gxf5
15. Nh5 Nf6 16. Nxg7 Kxg7 17. c4 Qd7 18. a4 a5 19. Ra3 Rg8 20. Nh4 f4 21. Bxf4
Kf7 22. Bg3 Rg4 23. Qc2 c6 24. c5 cxd5 25. cxd6 Rc8 26. Qe2 Re4 27. Re3 Qxd6
28. Rxe4 dxe4 29. Qb5 Rc5 30. Qxb7 Qd2 31. Qb3+ Kg7 32. Qe3 Qxe3 33. fxe3 Nc6
34. Nf5+ Kg6 35. Nd6 Rc2 36. Rb1 Ng4 37. Nxe4 Kf5 38. Nd6+ Ke6 39. Nb5 Nxe3 40.
Bf2 Nc4 41. b3 Nd2 42. Rd1 Nxb3 43. Be3 h5 44. Rd6+ Kf5 45. Rh6 Ke4 46. Bg5 Kf5
47. Be3 Ke4 48. Bg5 Kf5 1/2-1/2

[Event "Mitropa Cup (Women) 10th"]
[Site "Meissen"]
[Date "2013.06.01"]
[Round "1.1"]
[White "Srebrnic, Ana"]
[Black "Deur, Zrinka"]
[Result "1/2-1/2"]
[WhiteElo "2203"]
[BlackElo "2104"]
[PlyCount "105"]
[EventDate "2013.06.01"]
[EventType "team-tourn"]
[EventRounds "9"]
[EventCountry "GER"]
[Source "ChessBase"]
[SourceDate "2013.06.25"]
[WhiteTeam "Slovenia (W)"]
[BlackTeam "Croatia (W)"]
[WhiteTeamCountry "SLO"]
[BlackTeamCountry "CRO"]

1. Nf3 c5 2. c4 Nc6 3. d4 cxd4 4. Nxd4 Nf6 5. Nc3 g6 6. Nc2 Bg7 7. e4 d6 8. Be2
O-O 9. Be3 Nd7 10. Qd2 Nc5 11. f3 a5 12. b3 b6 13. Rd1 Be6 14. O-O Qb8 15. Nb5
Qb7 16. Rfe1 Rac8 17. Bf1 Rfd8 18. Qf2 Ne5 19. Ncd4 Bd7 20. Bg5 Nc6 21. Qh4 Re8
22. Be3 Bf6 23. Qf2 Ne5 24. Nc3 Nc6 25. Ndb5 Bg7 26. Nd5 Be6 27. h3 Na7 28. Nd4
Nc6 29. Nxc6 Rxc6 30. Bg5 Bf8 31. Qh4 Bc8 32. Be3 Bg7 33. Bg5 Bf8 34. Qf2 h6
35. Be3 Bg7 36. Qh4 Kh7 37. g4 Be6 38. Bxh6 Bxh6 39. g5 Rh8 40. gxh6 f6 41. Rd2
Rcc8 42. Bg2 Rhg8 43. Ne3 Qd7 44. Kf2 a4 45. b4 Na6 46. b5 Nb8 47. Bf1 Qd8 48.
Bd3 Nd7 49. f4 Qf8 50. Nd5 g5 51. Qh5 Kh8 52. Kf1 gxf4 53. Nxf4 1/2-1/2

[Event "Mitropa Cup (Women) 10th"]
[Site "Meissen"]
[Date "2013.06.01"]
[Round "1.3"]
[White "Mareckova, Martina"]
[Black "Heinatz, Gundula"]
[Result "1-0"]
[WhiteElo "2065"]
[BlackElo "2197"]
[PlyCount "73"]
[EventDate "2013.06.01"]
[EventType "team-tourn"]
[EventRounds "9"]
[EventCountry "GER"]
[Source "ChessBase"]
[SourceDate "2013.06.25"]
[WhiteTeam "Czechia (W)"]
[BlackTeam "Switzerland (W)"]
[WhiteTeamCountry "CZE"]
[BlackTeamCountry "SUI"]

1. e4 c5 2. d4 cxd4 3. c3 d3 4. Bxd3 Nc6 5. Nf3 d6 6. h3 g6 7. O-O Bg7 8. Be3
Nf6 9. Qe2 O-O 10. c4 b6 11. Nc3 Bb7 12. Rad1 Nd7 13. Nb5 Nc5 14. Bb1 Qc8 15.
Nfd4 a6 16. Nc3 e6 17. f4 Re8 18. Qd2 Nxd4 19. Bxd4 e5 20. fxe5 dxe5 21. Be3
Rd8 22. Qxd8+ Qxd8 23. Rxd8+ Rxd8 24. b4 Ne6 25. Bxb6 Rc8 26. c5 Nd4 27. Nd5
Kf8 28. Bd3 h5 29. Nc7 Bh6 30. Bc4 Be3+ 31. Kh2 f5 32. exf5 gxf5 33. Ne6+ Nxe6
34. Bxe6 Re8 35. Rxf5+ Ke7 36. Bc4 Bf4+ 37. g3 1-0

[Event "Mitropa Cup (Women) 10th"]
[Site "Meissen"]
[Date "2013.06.01"]
[Round "1.3"]
[White "Seps, Monika"]
[Black "Novosadova, Kristyna"]
[Result "1-0"]
[WhiteElo "2244"]
[BlackElo "2179"]
[PlyCount "71"]
[EventDate "2013.06.01"]
[EventType "team-tourn"]
[EventRounds "9"]
[EventCountry "GER"]
[Source "ChessBase"]
[SourceDate "2013.06.25"]
[WhiteTeam "Switzerland (W)"]
[BlackTeam "Czechia (W)"]
[WhiteTeamCountry "SUI"]
[BlackTeamCountry "CZE"]

1. d4 d5 2. Bf4 Nf6 3. e3 c6 4. Bd3 Bg4 5. Ne2 e6 6. O-O Nbd7 7. c4 dxc4 8.
Bxc4 Nd5 9. Bg3 h5 10. h3 h4 11. Bh2 Bh5 12. Nbc3 N7b6 13. Bd3 Bd6 14. Bxd6
Nxc3 15. bxc3 Qxd6 16. Qb3 g5 17. c4 Nd7 18. Qxb7 Rb8 19. Qxa7 g4 20. c5 Qe7
21. Rab1 Rc8 22. hxg4 Bxg4 23. Qa6 Qd8 24. f3 Bf5 25. Bxf5 exf5 26. Nf4 Rg8 27.
Rb2 Rg3 28. Kf2 Nf6 29. Qd3 Qe7 30. Qxf5 Ng4+ 31. Ke1 Rd8 32. fxg4 Rxe3+ 33.
Re2 Rxd4 34. Qc8+ Rd8 35. Qxc6+ Rd7 36. Rff2 1-0

[Event "Mitropa Cup (Women) 10th"]
[Site "Meissen"]
[Date "2013.06.01"]
[Round "1.2"]
[White "Osmanodja, Filiz"]
[Black "Juhasz, Barbara"]
[Result "1-0"]
[WhiteElo "2255"]
[BlackElo "2153"]
[PlyCount "89"]
[EventDate "2013.06.01"]
[EventType "team-tourn"]
[EventRounds "9"]
[EventCountry "GER"]
[Source "ChessBase"]
[SourceDate "2013.06.25"]
[WhiteTeam "Germany (W)"]
[BlackTeam "Hungary (W)"]
[WhiteTeamCountry "GER"]
[BlackTeamCountry "HUN"]

1. e4 e5 2. Nf3 Nc6 3. Bb5 a6 4. Ba4 Nf6 5. O-O Be7 6. Re1 b5 7. Bb3 O-O 8. h3
Bb7 9. d3 d6 10. a3 Bc8 11. c3 Na5 12. Bc2 c5 13. d4 Qc7 14. Nbd2 Re8 15. b4
cxb4 16. cxb4 Nc4 17. Nxc4 bxc4 18. d5 a5 19. b5 a4 20. Rb1 Bd7 21. Bxa4 Qa5
22. Rb4 c3 23. Qd3 Rec8 24. Bb3 Bd8 25. Bc4 Bb6 26. Re2 Rab8 27. Rc2 Rc7 28.
Rxc3 Bc5 29. Rbb3 h6 30. Bd2 Qa4 31. Be3 Bxe3 32. fxe3 Rc5 33. Rb4 Qa5 34. Rcb3
Ne8 35. Rb2 Rc7 36. Nd2 g6 37. a4 f5 38. Qe2 Nf6 39. Bd3 Rc1+ 40. Kh2 fxe4 41.
Bxe4 Rf8 42. Bxg6 Qd8 43. Rb1 Rxb1 44. Bxb1 h5 45. Qe1 1-0

[Event "Mitropa Cup (Women) 10th"]
[Site "Meissen"]
[Date "2013.06.01"]
[Round "1.2"]
[White "Varga, Klara"]
[Black "Klek, Hanna Marie"]
[Result "0-1"]
[WhiteElo "2204"]
[BlackElo "2287"]
[PlyCount "66"]
[EventDate "2013.06.01"]
[EventType "team-tourn"]
[EventRounds "9"]
[EventCountry "GER"]
[Source "ChessBase"]
[SourceDate "2013.06.25"]
[WhiteTeam "Hungary (W)"]
[BlackTeam "Germany (W)"]
[WhiteTeamCountry "HUN"]
[BlackTeamCountry "GER"]

1. e4 e5 2. Nf3 Nc6 3. Bc4 Bc5 4. O-O Nf6 5. d4 Bxd4 6. Nxd4 Nxd4 7. f4 d6 8.
fxe5 dxe5 9. Bg5 Rg8 10. Kh1 Be6 11. Na3 Qe7 12. c3 Nc6 13. b4 Bxc4 14. Nxc4
Qe6 15. Qd3 Nd7 16. b5 Nd8 17. Ne3 f6 18. Nd5 Rc8 19. Be3 Kf7 20. Rad1 Re8 21.
Bg1 Kg8 22. a4 b6 23. Qg3 Kh8 24. Ne3 Qf7 25. Ng4 Qe7 26. Ne3 Ne6 27. Qh3 Ndf8
28. Nd5 Qf7 29. Rf5 c6 30. bxc6 Rxc6 31. Rdf1 Nc7 32. c4 Rxc4 33. Qb3 Rxe4 0-1

[Event "Mitropa Cup (Women) 10th"]
[Site "Meissen"]
[Date "2013.06.01"]
[Round "1.5"]
[White "Brunello, Marina"]
[Black "Kiolbasa, Oliwia"]
[Result "1/2-1/2"]
[WhiteElo "2233"]
[BlackElo "1913"]
[PlyCount "82"]
[EventDate "2013.06.01"]
[EventType "team-tourn"]
[EventRounds "9"]
[EventCountry "GER"]
[Source "ChessBase"]
[SourceDate "2013.06.25"]
[WhiteTeam "Italy (W)"]
[BlackTeam "Poland (W)"]
[WhiteTeamCountry "ITA"]
[BlackTeamCountry "POL"]

1. e4 c5 2. Nf3 e6 3. Qe2 Nc6 4. g3 d6 5. Bg2 Nf6 6. O-O Be7 7. Rd1 O-O 8. d4
cxd4 9. Nxd4 Nxd4 10. Rxd4 Qb6 11. Rd1 Bd7 12. c4 Rac8 13. b3 Bc6 14. Nc3 Qc7
15. Bf4 Rfd8 16. Rac1 a6 17. a4 Qb8 18. b4 b6 19. Rb1 Bb7 20. Qa2 Qc7 21. c5 e5
22. cxd6 Bxd6 23. Bd2 Qc4 24. Qxc4 Rxc4 25. Nd5 Nxd5 26. exd5 Bf8 27. Be3 b5
28. axb5 axb5 29. Bb6 Rd7 30. Ba5 Rd4 31. Rxd4 exd4 32. Rd1 Bxd5 33. Rxd4 Be6
34. Rxd7 Bxd7 35. f4 Bd6 36. Kf2 Kf8 37. Ke3 Ke7 38. Kd4 Ke6 39. Bh3+ Ke7 40.
Bg2 Ke6 41. Be4 g6 1/2-1/2

[Event "Mitropa Cup (Women) 10th"]
[Site "Meissen"]
[Date "2013.06.01"]
[Round "1.5"]
[White "Wozniak, Mariola"]
[Black "Zimina, Olga"]
[Result "1/2-1/2"]
[WhiteElo "1983"]
[BlackElo "2335"]
[PlyCount "176"]
[EventDate "2013.06.01"]
[EventType "team-tourn"]
[EventRounds "9"]
[EventCountry "GER"]
[Source "ChessBase"]
[SourceDate "2013.06.25"]
[WhiteTeam "Poland (W)"]
[BlackTeam "Italy (W)"]
[WhiteTeamCountry "POL"]
[BlackTeamCountry "ITA"]

1. e4 e5 2. Nf3 Nc6 3. Nc3 Nf6 4. d4 Bb4 5. Nxe5 Bxc3+ 6. bxc3 Qe7 7. Nxc6
Qxe4+ 8. Be2 Qxc6 9. O-O Qxc3 10. Rb1 O-O 11. d5 Qe5 12. c4 Re8 13. Bd3 d6 14.
Bb2 Qh5 15. f3 Qh4 16. Qd2 b6 17. g3 Qh5 18. Qf4 Nd7 19. Rbe1 Ba6 20. Bf5 Nf8
21. Bg4 Qh6 22. Qxh6 gxh6 23. Rc1 Ng6 24. Bd7 Re2 25. Rf2 Rxf2 26. Kxf2 Ne5 27.
Bxe5 dxe5 28. Ke3 Rd8 29. Bh3 Kg7 30. Ke4 Kf6 31. Rc3 Bb7 32. Rd3 c6 33. d6 c5+
34. Ke3 Ba6 35. d7 Ke7 36. Ra3 Bxc4 37. Rxa7 Bd5 38. Ra6 Rb8 39. a4 c4 40. Bf5
Kd8 41. f4 exf4+ 42. gxf4 c3 43. Kd3 Be6 44. Bxe6 fxe6 45. Ra7 Ke7 46. Kxc3 Rd8
47. Rb7 Rxd7 48. Rxb6 Rd1 49. Rb2 Ra1 50. Kb4 Kd6 51. Rc2 Rf1 52. a5 Rxf4+ 53.
Kb5 Rf1 54. a6 Rb1+ 55. Ka5 Ra1+ 56. Kb6 Rb1+ 57. Ka7 Kd7 58. Rg2 e5 59. Rg7+
Kc8 60. Rxh7 e4 61. Re7 Rb4 62. Re6 h5 63. Rc6+ Kd7 64. Rc3 Rb5 65. Rg3 Kc7 66.
Rg7+ Kc8 67. Re7 Rb4 68. h4 e3 69. Rxe3 Rxh4 70. Rc3+ Kd7 71. Rc5 Rh1 72. Kb8
Rb1+ 73. Ka8 h4 74. Rh5 Rb4 75. Rh7+ Kc8 76. Ka7 Rf4 77. Rh6 Rb4 78. Rc6+ Kd7
79. Rb6 Rc4 80. Kb7 Rc7+ 81. Ka8 Rc8+ 82. Ka7 Rc7+ 83. Rb7 Kc8 84. Ka8 h3 85.
Rb8+ Kd7 86. Rh8 Rc8+ 87. Rxc8 Kxc8 88. a7 h2 1/2-1/2

[Event "Mitropa Cup (Women) 10th"]
[Site "Meissen"]
[Date "2013.06.02"]
[Round "2.2"]
[White "Novkovic, Julia"]
[Black "Brunello, Marina"]
[Result "0-1"]
[WhiteElo "2132"]
[BlackElo "2233"]
[PlyCount "72"]
[EventDate "2013.06.01"]
[EventType "team-tourn"]
[EventRounds "9"]
[EventCountry "GER"]
[Source "ChessBase"]
[SourceDate "2013.06.25"]
[WhiteTeam "Austria (W)"]
[BlackTeam "Italy (W)"]
[WhiteTeamCountry "AUT"]
[BlackTeamCountry "ITA"]

1. e4 c5 2. Nf3 d6 3. d4 cxd4 4. Qxd4 Nc6 5. Bb5 Bd7 6. Bxc6 Bxc6 7. Nc3 Nf6 8.
Bg5 e6 9. O-O-O Be7 10. Qd3 Qa5 11. h4 Qa6 12. Qxa6 bxa6 13. Rhe1 Rc8 14. Nd4
Bb7 15. Nb3 h6 16. Be3 Nxe4 17. Bd4 Nxc3 18. Bxc3 O-O 19. g3 Bf3 20. Rd4 e5 21.
Ra4 Bb7 22. Na5 Bd5 23. Rd1 Bf3 24. Rd2 f6 25. Nb3 Rc6 26. Na5 Rc7 27. Nb3 d5
28. Rxa6 d4 29. Ba5 Rb7 30. Kb1 Rc8 31. Nxd4 exd4 32. Rxd4 f5 33. Bd2 Be4 34.
Re6 Rxc2 35. Bb4 Re2+ 36. Kc1 Bxb4 0-1

[Event "Mitropa Cup (Women) 10th"]
[Site "Meissen"]
[Date "2013.06.02"]
[Round "2.2"]
[White "Sedina, Elena"]
[Black "Schnegg, Anna Lena"]
[Result "1-0"]
[WhiteElo "2323"]
[BlackElo "2118"]
[PlyCount "73"]
[EventDate "2013.06.01"]
[EventType "team-tourn"]
[EventRounds "9"]
[EventCountry "GER"]
[Source "ChessBase"]
[SourceDate "2013.06.25"]
[WhiteTeam "Italy (W)"]
[BlackTeam "Austria (W)"]
[WhiteTeamCountry "ITA"]
[BlackTeamCountry "AUT"]

1. e4 e5 2. Nf3 Nc6 3. Bc4 Bc5 4. O-O Nf6 5. d3 d6 6. c3 a6 7. Bb3 Ba7 8. Nbd2
O-O 9. h3 d5 10. exd5 Nxd5 11. Nc4 f6 12. Ne3 Be6 13. Nxd5 Bxd5 14. Be3 Kh8 15.
Re1 Bxe3 16. Rxe3 Na5 17. Bc2 c5 18. Nh4 f5 19. Nf3 Bxf3 20. Qxf3 Qd6 21. a3 c4
22. Rd1 Qc7 23. Qe2 Rae8 24. d4 Nc6 25. dxe5 f4 26. Re4 f3 27. Qxc4 Rxe5 28.
Rxe5 Qxe5 29. Qe4 Qh5 30. Rd5 Qh6 31. Rd6 Qh5 32. Rd5 Qh6 33. Qe3 Qxe3 34. fxe3
f2+ 35. Kf1 Ne7 36. Rd2 Nf5 37. Bxf5 1-0

[Event "Mitropa Cup (Women) 10th"]
[Site "Meissen"]
[Date "2013.06.02"]
[Round "2.1"]
[White "Deur, Zrinka"]
[Black "Kiolbasa, Oliwia"]
[Result "0-1"]
[WhiteElo "2104"]
[BlackElo "1913"]
[PlyCount "98"]
[EventDate "2013.06.01"]
[EventType "team-tourn"]
[EventRounds "9"]
[EventCountry "GER"]
[Source "ChessBase"]
[SourceDate "2013.06.25"]
[WhiteTeam "Croatia (W)"]
[BlackTeam "Poland (W)"]
[WhiteTeamCountry "CRO"]
[BlackTeamCountry "POL"]

1. e4 c5 2. Nf3 e6 3. d4 cxd4 4. Nxd4 a6 5. Bd3 Nf6 6. O-O Qc7 7. Qe2 d6 8. c4
g6 9. Nc3 Bg7 10. Rd1 O-O 11. Nf3 Nbd7 12. Bf4 e5 13. Bg5 Nb6 14. h3 Be6 15.
Rac1 Rac8 16. b3 Ne8 17. Be3 Nd7 18. Qd2 Nc5 19. Bc2 Kh8 20. b4 Nd7 21. Bb3 f5
22. Ng5 Bg8 23. Nd5 Qd8 24. exf5 gxf5 25. f4 e4 26. Ba4 b5 27. cxb5 Rxc1 28.
Rxc1 axb5 29. Bxb5 h6 30. Bxd7 Qxd7 31. Nb6 Qb7 32. Qe2 hxg5 33. Qh5+ Bh7 34.
Qxg5 d5 35. Bc5 Rg8 36. Qh5 Nf6 37. Qd1 Rd8 38. a4 Nd7 39. Nxd7 Qxd7 40. Bb6
Rb8 41. a5 d4 42. Rc7 Qd6 43. Qh5 Qxf4 44. Qf7 Qe3+ 45. Kf1 Qd3+ 46. Ke1 Rg8
47. a6 Qb1+ 48. Kf2 e3+ 49. Ke2 Qb2+ 0-1

[Event "Mitropa Cup (Women) 10th"]
[Site "Meissen"]
[Date "2013.06.02"]
[Round "2.4"]
[White "Juhasz, Barbara"]
[Black "Mareckova, Martina"]
[Result "0-1"]
[WhiteElo "2153"]
[BlackElo "2065"]
[PlyCount "84"]
[EventDate "2013.06.01"]
[EventType "team-tourn"]
[EventRounds "9"]
[EventCountry "GER"]
[Source "ChessBase"]
[SourceDate "2013.06.25"]
[WhiteTeam "Hungary (W)"]
[BlackTeam "Czechia (W)"]
[WhiteTeamCountry "HUN"]
[BlackTeamCountry "CZE"]

1. e4 e5 2. Nf3 Nc6 3. Bb5 a6 4. Ba4 d6 5. c3 f5 6. d3 Nf6 7. Qe2 Be7 8. Nbd2
O-O 9. Bb3+ Kh8 10. Ng5 d5 11. exd5 Nxd5 12. Ndf3 Bf6 13. h4 h6 14. Be3 Qd6 15.
O-O-O Na5 16. d4 Nxb3+ 17. axb3 e4 18. Nd2 b5 19. Qh5 Nxe3 20. fxe3 Kg8 21. g4
fxg4 22. Ngxe4 Qe7 23. Rhf1 Be6 24. Nc5 Rad8 25. Nxe6 Qxe6 26. e4 Be7 27. d5
Qd7 28. Rxf8+ Rxf8 29. Rg1 Rf4 30. Qe5 Bd6 31. Qd4 Qe7 32. Qe3 Be5 33. Rh1 Qf6
34. b4 Rf3 35. Qc5 Rf2 36. Nb3 Qf4+ 37. Kb1 Qxe4+ 38. Ka2 Qc2 39. Rb1 g3 40. d6
cxd6 41. Qc8+ Kh7 42. Qg4 g2 0-1

[Event "Mitropa Cup (Women) 10th"]
[Site "Meissen"]
[Date "2013.06.02"]
[Round "2.4"]
[White "Novosadova, Kristyna"]
[Black "Varga, Klara"]
[Result "1/2-1/2"]
[WhiteElo "2179"]
[BlackElo "2204"]
[PlyCount "119"]
[EventDate "2013.06.01"]
[EventType "team-tourn"]
[EventRounds "9"]
[EventCountry "GER"]
[Source "ChessBase"]
[SourceDate "2013.06.25"]
[WhiteTeam "Czechia (W)"]
[BlackTeam "Hungary (W)"]
[WhiteTeamCountry "CZE"]
[BlackTeamCountry "HUN"]

1. e4 e6 2. d4 d5 3. Nc3 Nc6 4. Nf3 Nf6 5. e5 Ne4 6. Bd3 Bb4 7. Bd2 Nxd2 8.
Qxd2 Bd7 9. a3 Bxc3 10. bxc3 Na5 11. Qf4 Qe7 12. O-O O-O-O 13. Rfb1 Rdg8 14.
Nd2 f5 15. a4 g5 16. Qf3 h5 17. Bb5 h4 18. c4 g4 19. Qc3 Nxc4 20. Nxc4 dxc4 21.
Qxc4 Kb8 22. a5 g3 23. Bc6 gxf2+ 24. Kxf2 Kc8 25. Bxb7+ Kd8 26. Bf3 Qg5 27.
Rb8+ Ke7 28. Qb4+ Kf7 29. Rb7 Rc8 30. h3 Qf4 31. Ke2 a6 32. Qd2 Qg3 33. c4 Kg6
34. Ra3 Qh2 35. Rab3 Rhd8 36. Ra7 Qg1 37. Rbb7 Ba4 38. d5 Qc5 39. Qf4 Qa3 40.
Qxh4 Qa2+ 41. Kf1 Qa1+ 42. Qe1 Qd4 43. Rxc7 Rxc7 44. Rxc7 Rd7 45. Rc8 Bc2 46.
Qg3+ Kh6 47. Be2 Bd1 48. Rh8+ Rh7 49. Rxh7+ Kxh7 50. Bxd1 Qxd1+ 51. Qe1 Qd4 52.
Qe2 Kg7 53. d6 Qa1+ 54. Kf2 Qxa5 55. Kg1 Qc5+ 56. Kh2 Qd4 57. c5 Qxc5 58. d7
Qd4 59. Qxa6 Qxe5+ 60. Kh1 1/2-1/2

[Event "Mitropa Cup (Women) 10th"]
[Site "Meissen"]
[Date "2013.06.02"]
[Round "2.5"]
[White "Klek, Hanna Marie"]
[Black "Krivec, Jana"]
[Result "1-0"]
[WhiteElo "2287"]
[BlackElo "2244"]
[PlyCount "77"]
[EventDate "2013.06.01"]
[EventType "team-tourn"]
[EventRounds "9"]
[EventCountry "GER"]
[Source "ChessBase"]
[SourceDate "2013.06.25"]
[WhiteTeam "Germany (W)"]
[BlackTeam "Slovenia (W)"]
[WhiteTeamCountry "GER"]
[BlackTeamCountry "SLO"]

1. e4 e5 2. Nf3 Nc6 3. Bc4 Bc5 4. c3 Nf6 5. d3 O-O 6. O-O d5 7. exd5 Nxd5 8.
Re1 Bg4 9. Nbd2 Nb6 10. Bb5 Bd6 11. Ne4 f5 12. Ng3 Kh8 13. Bxc6 bxc6 14. h3
Bxf3 15. Qxf3 c5 16. b3 Qd7 17. Bb2 Rae8 18. Rad1 Qf7 19. c4 Qg6 20. Nf1 Nd7
21. Ne3 e4 22. dxe4 fxe4 23. Qg4 Qf7 24. Rf1 Nf6 25. Qg5 Nh5 26. Rd5 Nf4 27.
Nf5 Ne6 28. Qg4 Bf4 29. Nxg7 Nxg7 30. Rf5 Qg6 31. Rxf4 Rxf4 32. Qxf4 Kg8 33.
Qxc7 Ne6 34. Qe5 Nd4 35. Qxc5 Ne2+ 36. Kh2 Nf4 37. g3 Nd3 38. Qd5+ Re6 39. Bd4
1-0

[Event "Mitropa Cup (Women) 10th"]
[Site "Meissen"]
[Date "2013.06.02"]
[Round "2.5"]
[White "Srebrnic, Ana"]
[Black "Osmanodja, Filiz"]
[Result "1-0"]
[WhiteElo "2203"]
[BlackElo "2255"]
[PlyCount "91"]
[EventDate "2013.06.01"]
[EventType "team-tourn"]
[EventRounds "9"]
[EventCountry "GER"]
[Source "ChessBase"]
[SourceDate "2013.06.25"]
[WhiteTeam "Slovenia (W)"]
[BlackTeam "Germany (W)"]
[WhiteTeamCountry "SLO"]
[BlackTeamCountry "GER"]

1. d4 Nf6 2. Nf3 e6 3. c4 Bb4+ 4. Nbd2 b6 5. e3 Bb7 6. Bd3 O-O 7. O-O Bxd2 8.
Nxd2 d6 9. b3 Nbd7 10. Bb2 Re8 11. e4 e5 12. d5 Bc8 13. b4 Nf8 14. Qe2 Ng6 15.
g3 h5 16. h4 Bg4 17. f3 Bd7 18. Nb3 c5 19. dxc6 Bxc6 20. Rfd1 Qc7 21. Qe3 a6
22. a4 Rab8 23. b5 Bb7 24. Ba3 a5 25. Bf1 Red8 26. Rd2 Nf8 27. Rad1 Ne8 28. Qg5
Ne6 29. Qe3 Nc5 30. Nxc5 dxc5 31. Qg5 Rxd2 32. Rxd2 Nf6 33. Bb2 Re8 34. Bh3
Bxe4 35. fxe4 Nxe4 36. Rd7 Qxd7 37. Bxd7 Nxg5 38. Bxe8 Nf3+ 39. Kf2 Nd2 40.
Bxe5 Nxc4 41. Bc7 Kf8 42. Bc6 Ke7 43. Bd5 Nb2 44. Bxb6 c4 45. Bxa5 c3 46. Bb3
1-0

[Event "Mitropa Cup (Women) 10th"]
[Site "Meissen"]
[Date "2013.06.02"]
[Round "2.3"]
[White "Heinatz, Gundula"]
[Black "Kochetkova, Julia"]
[Result "1/2-1/2"]
[WhiteElo "2197"]
[BlackElo "2348"]
[PlyCount "179"]
[EventDate "2013.06.01"]
[EventType "team-tourn"]
[EventRounds "9"]
[EventCountry "GER"]
[Source "ChessBase"]
[SourceDate "2013.06.25"]
[WhiteTeam "Switzerland (W)"]
[BlackTeam "Slovakia (W)"]
[WhiteTeamCountry "SUI"]
[BlackTeamCountry "SVK"]

1. d4 d5 2. c4 e6 3. Nf3 Nf6 4. Nc3 Be7 5. g3 O-O 6. Bg2 dxc4 7. Qa4 a6 8. Qxc4
b5 9. Qd3 Bb7 10. O-O c5 11. a3 Nbd7 12. Rd1 Qb6 13. e3 Rad8 14. Qe2 cxd4 15.
exd4 Nb8 16. Be3 Nd5 17. Ne5 Nxc3 18. bxc3 Bxg2 19. Kxg2 Qc7 20. a4 Qxc3 21.
axb5 axb5 22. Qxb5 Qc7 23. Rdc1 Qd6 24. Ra7 Bf6 25. Rcc7 Rc8 26. Rxf7 Rxf7 27.
Nxf7 Qc6+ 28. Qxc6 Nxc6 29. Rd7 Nb8 30. Rb7 Nc6 31. Ng5 Bxg5 32. Bxg5 Nxd4 33.
Bf4 Nc6 34. h4 Re8 35. Rc7 e5 36. Be3 Re6 37. Kf3 e4+ 38. Ke2 h6 39. Bc5 Ne5
40. Bd4 Kh7 41. h5 Kg8 42. g4 Nf7 43. Ke3 Re8 44. Kf4 Kf8 45. Bc5+ Kg8 46. Re7
Rc8 47. Bd4 Kf8 48. Rd7 Re8 49. Bc5+ Kg8 50. Be7 Rc8 51. Kxe4 Rc4+ 52. Rd4 Rc2
53. Bh4 Re2+ 54. Kf4 Re6 55. Re4 Rxe4+ 56. Kxe4 Nd6+ 57. Kd5 Nb5 58. Bg3 Kf7
59. Bb8 Nc3+ 60. Ke5 Nb5 61. f4 Nc3 62. g5 hxg5 63. fxg5 Ne2 64. g6+ Kg8 65.
Ke6 Nd4+ 66. Kd5 Nf5 67. Be5 Ne3+ 68. Ke4 Nc4 69. Bf4 Kf8 70. Kd5 Nb6+ 71. Kc6
Nc4 72. Kc5 Nb2 73. Be3 Nd3+ 74. Kd5 Nb4+ 75. Ke6 Nd3 76. Kf5 Kg8 77. Bd4 Nb4
78. Kg5 Nd5 79. Bc5 Nf6 80. Bd4 Nd5 81. Kf5 Nb4 82. Be5 Nc6 83. Bc3 Na7 84.
Bxg7 Kxg7 85. Kg5 Nb5 86. h6+ Kg8 87. Kf6 Nd6 88. Ke6 Ne8 89. Ke7 Ng7 90. hxg7
1/2-1/2

[Event "Mitropa Cup (Women) 10th"]
[Site "Meissen"]
[Date "2013.06.02"]
[Round "2.3"]
[White "Repkova, Eva"]
[Black "Seps, Monika"]
[Result "1-0"]
[WhiteElo "2363"]
[BlackElo "2244"]
[PlyCount "71"]
[EventDate "2013.06.01"]
[EventType "team-tourn"]
[EventRounds "9"]
[EventCountry "GER"]
[Source "ChessBase"]
[SourceDate "2013.06.25"]
[WhiteTeam "Slovakia (W)"]
[BlackTeam "Switzerland (W)"]
[WhiteTeamCountry "SVK"]
[BlackTeamCountry "SUI"]

1. e4 e6 2. d4 d5 3. exd5 exd5 4. c4 Nf6 5. Nc3 Bb4 6. Bg5 O-O 7. Bd3 Qe8+ 8.
Nge2 dxc4 9. Bxc4 Ne4 10. Be3 Bg4 11. Qc2 Nd7 12. O-O Nxc3 13. bxc3 Bd6 14. h3
Bh5 15. Nf4 Bxf4 16. Bxf4 Bg6 17. Qb3 Nb6 18. Rfe1 Qd7 19. Be2 c6 20. Be5 Rfe8
21. a4 Bf5 22. a5 Nd5 23. c4 Ne7 24. Rad1 Ng6 25. g4 Be6 26. Bg3 Rad8 27. Bf3
f6 28. Re2 f5 29. d5 cxd5 30. Rxe6 Qxe6 31. Bxd5 Rxd5 32. cxd5 Qf7 33. gxf5 Ne7
34. Qxb7 Qxf5 35. d6 Qc2 36. Re1 1-0

[Event "Mitropa Cup (Women) 10th"]
[Site "Meissen"]
[Date "2013.06.03"]
[Round "3.5"]
[White "Kiolbasa, Oliwia"]
[Black "Hapala, Lisa"]
[Result "1-0"]
[WhiteElo "1913"]
[BlackElo "2038"]
[PlyCount "143"]
[EventDate "2013.06.01"]
[EventType "team-tourn"]
[EventRounds "9"]
[EventCountry "GER"]
[Source "ChessBase"]
[SourceDate "2013.06.25"]
[WhiteTeam "Poland (W)"]
[BlackTeam "Austria (W)"]
[WhiteTeamCountry "POL"]
[BlackTeamCountry "AUT"]

1. e4 e5 2. Nf3 Nc6 3. Nc3 Nf6 4. d4 exd4 5. Nxd4 Bb4 6. Nxc6 bxc6 7. Bd3 O-O
8. O-O d5 9. exd5 cxd5 10. h3 c6 11. Qf3 Bd6 12. Bf4 Rb8 13. b3 Rb7 14. Ne2 Re8
15. Rad1 Bxf4 16. Qxf4 c5 17. Ng3 Rbe7 18. c4 Re5 19. cxd5 Rxd5 20. Qf3 g6 21.
Bc4 Rd4 22. Rxd4 Qxd4 23. Rd1 Qe5 24. Bb5 Rf8 25. Qe2 Qxe2 26. Nxe2 Bf5 27. f3
Rb8 28. Bc4 Kf8 29. Nc3 Ke7 30. Kf2 Rb6 31. Re1+ Kf8 32. g4 Bd7 33. Re5 Rc6 34.
Na4 Rd6 35. Nxc5 Rd2+ 36. Re2 Rd1 37. Nxd7+ Nxd7 38. Bb5 Nc5 39. Rc2 Ne6 40.
Be2 Ra1 41. Bc4 Nd4 42. Rd2 Nc6 43. a4 Rc1 44. Bb5 Ke7 45. Re2+ Kf8 46. Bxc6
Rxc6 47. b4 Rc3 48. Re5 Rb3 49. Rb5 Kg7 50. Kg3 h6 51. h4 Kf6 52. Kf4 g5+ 53.
hxg5+ hxg5+ 54. Ke4 Kg6 55. f4 gxf4 56. Kxf4 Rb1 57. Rb7 a5 58. Rb6+ f6 59.
bxa5 Rf1+ 60. Ke3 Kg5 61. a6 Re1+ 62. Kf3 Re7 63. Rb5+ Kg6 64. Kf4 Rc7 65. Ra5
Ra7 66. Ke4 Re7+ 67. Kd4 Ra7 68. Kc5 Re7 69. a7 Re5+ 70. Kb6 Re6+ 71. Kc7 Re7+
72. Kd6 1-0